000 00679nam a2200253Ia 4500
003 OSt
005 20220925203647.0
006 a|||||r|||| 00| 0
007 ta
008 220923b |||||||| |||| 00| 0 eng d
037 _cGeneral Book
040 _aRTL
_cRTL
_beng
041 _2eng
_aeng
082 _aX:8J, K6
100 _aNewton Sherwood W
_9266714
245 0 _aAudit work papers
250 _a2ed
260 _aEnglewood
_bCliffs N J Prentice Hall
_c1966
300 _a77p.
_ccm.
650 _aAudit
700 _a Stettler Howard F
_9266715
942 _hX:8J, K6
_cGB
_2CC
999 _c547316
_d547316